000 00922nam a2200229 a 4500
001 48079
003 BD-RjUL
005 20211209054445.0
008 160811s2010 bg ||||| |||| 00| f ben d
020 _a9789843308405
_c: Tk. 200.00
035 _a(BD-RjUL)48198
040 _aBD-RjUL
_bben
_cBD-RjUL
041 _aben
082 _223
_a891.44308
_bEKA 2010
245 0 0 _aএকাত্তরের আঙ্গিনায় :
_bগল্প সংকলন /
_cসম্পাদক রাশেদা খালেক
260 _aরাজশাহী :
_bবাংলাদেশ লেখিকা সংঘ,
_c২০১০
300 _a১৪৪ পৃ. ;
_c২১ সেমি
650 _aবাংলা উপন্যাস
_xসংগ্রহ
_9124121
650 _aBengali Fiction
_xCollection
_9124122
700 _aখালেক, রাশেদা, সম্পাদক
_9145755
942 _2ddc
_cBK
999 _c48079
_d48079